Administrative problems in the Indian museums, (Record no. 59764)

MARC details
000 -LEADER
fixed length control field 00593nam a22001931 4500
001 - CONTROL NUMBER
control field sa 64006549
003 - CONTROL NUMBER IDENTIFIER
control field DLC
005 - DATE AND TIME OF LATEST TRANSACTION
control field 20260227112040.0
008 - FIXED-LENGTH DATA ELEMENTS--GENERAL INFORMATION
fixed length control field 780517s1963 ii 00010 eng
010 ## - LIBRARY OF CONGRESS CONTROL NUMBER
LC control number sa 64006549 //r78
025 ## - OVERSEAS ACQUISITION NUMBER
Overseas acquisition number PL480:I-E-3127
043 ## - GEOGRAPHIC AREA CODE
Geographic area code a-ii---
050 0# - LIBRARY OF CONGRESS CALL NUMBER
Classification number AM73.A2
Item number S35
100 10 - MAIN ENTRY--PERSONAL NAME
Personal name Satyamurti, S. T.
245 10 - TITLE STATEMENT
Title Administrative problems in the Indian museums,
Statement of responsibility, etc. by S. T. Satyamurti.
260 0# - PUBLICATION, DISTRIBUTION, ETC.
Place of publication, distribution, etc. [Baroda]
Name of publisher, distributor, etc. Dept. of Museology, Faculty of Fine Arts, Maharaja Sayajirao University of Baroda
Date of publication, distribution, etc. [1963]
300 ## - PHYSICAL DESCRIPTION
Extent 85 p.
Dimensions 18 cm.
650 #0 - SUBJECT ADDED ENTRY--TOPICAL TERM
Topical term or geographic name entry element Museums
Geographic subdivision India.

No items available.

Powered by Koha